000 01090nam a22003617a 4500
003 CHAP
005 20220817041351.0
008 971013s1956 r 00010 d
010 _a12370
011 _a13342
035 _a17413
040 _cCHAP
082 _a311.23
_bH38 1956
100 0 0 _aHauser, Philip M.
_953102
245 _aGoverment statistics for business use
250 _a2 ed.
260 _aNew York :
_bWiley,
_c1956
300 _a440 p.
590 _aBATCH-UPD
_b10
_c20130110
_lUCH01
_h0053
590 _aBATCH-UPD
_b10
_c20130110
_lUCH01
_h1334
590 _aBATCH-UPD
_b10
_c20130410
_lUCH01
_h0838
590 _aBATCH-UPD
_b10
_c20130914
_lUCH01
_h1012
590 _aCONVERSION
_b10
_c20130109
_lUCH01
_h1308
650 1 4 _aAgricultura
_xEstadisticas.
_91417
650 1 4 _aComercio
_xEstadísticas.
_925571
650 1 4 _aEstadística.
_938241
650 1 4 _aPoblación.
_989360
650 1 4 _aTrabajo y trabajadores.
700 0 _aLeonard, William R.
_966064
901 _aBK
942 _cLIBRO
949 _a311.23 H38 1956
_bBC
_cLIBRO
_d33724000295820
_eLIBRO
_i17413
_si
999 _c12370
_d12370